000 00220nam a22000857a 4500
008 160810b xxu||||| |||| 00| 0 eng d
100 _996
_aBhat R.L
245 _aSocial Science-VII
260 _aNew Delhi
_bHoly faith publication
999 _c2750
_d2750